logo

Bir Sreshtho Munshi Abdur Rouf Library
Jhenaidah Cadet College

The Criusades: (Record no. 12572)

MARC details
000 -LEADER
fixed length control field 00601nam a2200229 a 4500
001 - CONTROL NUMBER
JCCL Control Number 12572
003 - CONTROL NUMBER IDENTIFIER
JCCL marc code BD-JhCC
005 - DATE AND TIME OF LATEST TRANSACTION
control field 20220910130710.0
008 - FIXED-LENGTH DATA ELEMENTS--GENERAL INFORMATION
fixed length control field 201128b19932004vau |||| ||a| 001 0 eng d
020 ## - INTERNATIONAL STANDARD BOOK NUMBER
International Standard Book Number 0961757310
035 ## - SYSTEM CONTROL NUMBER
system control number (BD-JhCC)12572
040 ## - CATALOGING SOURCE
Original cataloging agency BD-JhCC
Modifying agency BD-JhCC
041 ## - LANGUAGE CODE
Language code of Book English
082 ## - DEWEY DECIMAL CLASSIFICATION NUMBER
Classification number 297.09
Author mark and Year MUN 2004
100 ## - MAIN ENTRY--PERSONAL NAME
Personal name Munjee, Aslam
245 ## - TITLE STATEMENT
Title The Criusades:
Remainder of title Then and Now /
Statement of responsibility, etc Aslam Munjee.
260 ## - PUBLICATION, DISTRIBUTION, ETC. (IMPRINT)
Place of publication, distribution, etc Virginia:
Name of publisher, distributor, etc First Amendent Publishers;
Date of publication, distribution, etc 2004.
300 ## - PHYSICAL DESCRIPTION
Pagination 851 p. :
Dimensions 24 cm.
650 ## - SUBJECT ADDED ENTRY--TOPICAL TERM
Topical term or geographic name as entry element Criusades History
Geographic subdivision Novel
942 ## - ADDED ENTRY ELEMENTS (KOHA)
Source of classification or shelving scheme Dewey Decimal Classification
Koha item type Books
Koha issues (borrowed), all copies 21
Holdings
Source of classification or shelving scheme Damaged status Not for loan Home library Current library Shelving location Date of accession Cost, normal purchase price Total Checkouts Full call number Barcode Date last seen Date checked out Copy number Koha item type
Dewey Decimal Classification     JCC Rouf Library JCC Rouf Library General Stacks 06/05/2021 2000.00 1 297.09 MUN 2004 16728 01/31/2024 12/02/2023 C-1 Books

JCC Library | Contacts | JCC Home

Last Update on 23 September 2017
Copyright @ 2017-2020 JCC Rouf Library
Rouf Library, Jhenidah Cadet College (JCC), Bangladesh